000
00432nam a2200145Ia 4500
008
090124s9999 xx 000 0 und d
082
_b
133671
_a
102682
245
_a
खेळिया
250
_a
1
260
_b
भारद्वाज मंदीकिनी / भारद्वाज प्रल्हाद
_c
2006
300
_a
248
630
_a
खेळिया
730
_a
खेळिया
942
_c
BOOK
999
_c
179906
_d
179906